000
00321nam a22001457a 4500
008
211019b ||||| |||| 00| 0 eng d
020
_a
9781437727753
041
_a
eng
080
_2
4th
_a
610.73
082
_a
610.73
100
_a
2
101
_a
INF
245
_a
Maternal-Child Nursing
_c
Kinney,M
942
_2
udc
_c
BK
999
_c
58281
_d
58281